Normal view MARC view
  • Nueva Escuela Mexicana

Entry Materia

Number of records used in: 66

001 - NÚMERO DE CONTROL DEL REGISTRO

  • campo de control: 51254

003 - IDENTIFICADOR DE NUMERO DE CONTROL

  • campo de control: UPN

005 - FECHA Y HORA DE LA ÚLTIMA TRANSACCIÓN

  • campo de control: 20240304122955.0

008 - DATOS DE LONGITUD FIJA

  • campo de control de longitud fija: 240229|| acn||babn | a|a d

040 ## - FUENTE DE LA CATALOGACIÓN

  • Centro catalogador de origen: MX-MxUPN
  • Lengua de catalogación: spa
  • Agencia de transcripción: MX-MxUPN

150 ## - ENCABEZAMIENTO - TEMÁTICO

  • Término de materia o nombre geográfico como elemento inicial: Nueva Escuela Mexicana

450 ## - VÉASE - MATERIA

  • Encabezamiento temático: NEM

670 ## - FUENTE EN LA QUE SE LOCALIZARON DATOS

  • Cita de la fuente: Un libro sin recetas para la maestra y el maestro, 2023:
  • Información localizada: página 6 (En tal sentido, una pedagogía humanista y, además crítica, como lo propone la Nueva Escuela Méxicana (NEM))

670 ## - FUENTE EN LA QUE SE LOCALIZARON DATOS

  • Cita de la fuente: En sitio web Gobierno de México, 29 febrero 2024:
  • Información localizada: (La Nueva Escuela Mexicana (NEM) busca garantizar el derecho a la educación de las y los mexicanos)

670 ## - FUENTE EN LA QUE SE LOCALIZARON DATOS

  • Cita de la fuente: En sitio web Gobierno de México, 29 febrero 2024:
  • Información localizada: (La Nueva Escuela Mexicana, Plan, Programas y Libros: inspirada en la pedagogía crítica, las epistemologías del sur y la educación popular de pensadores, pedagogos y soñadores como: Paulo Freire, Boaventura de Sousa Santos, Adriana Puiggrós y Estela Quintar, gestadas desde y para América Latina)

902 ## - CATALOGADOR

  • Catalogador: MaríaRobles/290224